• 首页
  • 本馆介绍
  • 公告通知
  • 最新文献
  • 馆藏检索
  • 电子资源
  • 读者导购
  • 参考咨询
  • 我的图书馆
  • 登录
  • 详细信息显示
  • 放入我的书架
  • 预约/预借图书
  • 作者相关作品
  • 分类相关作品
  • 丛书相关作品
  • 出版社相关作品

书目信息

  • 表格格式
  • 工作单格式
  • 卡片格式
题名:
犯罪心理分析
    
 
作者: 李娟娟 著 ;京师心智 组编
分册:  
出版信息: 北京   台海出版社  2018
页数: 218页
开本: 24cm
丛书名:
单 册:
中图分类: D917.2-49
科图分类:
主题词: 犯罪心理学--fan zui xin li xue--通俗读物
电子资源:
ISBN: 978-7-5168-1836-7
000 01064nam0 2200265 450
001 012001008711
005 20140102093349.0
010    @a978-7-5168-1836-7@dCNY39.80
099    @aCAL 012018113169
100    @a20180716d2018 em y0chiy0121 ea
101 0  @achi
102    @aCN@b110000
105    @ay z 000yy
106    @ar
200 1  @a犯罪心理分析@Afan zui xin li fen xi@f李娟娟著@g京师心智组编
210    @a北京@c台海出版社@d2018
215    @a218页@d24cm
314    @a李娟娟, 知名心理作家, 心理咨询师, 致力于心理学科普读物创作。
330    @a本书聚焦于罪犯中一个最令人毛骨悚然的群体--连环杀手, 通过对连环杀手成长经历、犯罪过程的梳理, 挖掘其扭曲、阴暗的内心世界, 为读者呈现“连环杀手是如何炼成的”。对连环杀手内心世界的透视, 将为我们呈现一道另类的风景, 也将触发人们对于人性、对于家庭、对于社会的深深思索。
606 0  @a犯罪心理学@Afan zui xin li xue@j通俗读物
690    @aD917.2-49@v5
701  0 @a李娟娟@Ali juan juan@4著
712 02 @a京师心智@Ajing shi xin zhi@4组编
801  0 @aCN@b上海新华@c20191020
905    @b1185532-5@dD917.2-49@e873@f4
    
    犯罪心理分析/李娟娟著/京师心智组编.-北京:台海出版社,2018
    218页;24cm
    
    
    ISBN 978-7-5168-1836-7:CNY39.80
    本书聚焦于罪犯中一个最令人毛骨悚然的群体--连环杀手, 通过对连环杀手成长经历、犯罪过程的梳理, 挖掘其扭曲、阴暗的内心世界, 为读者呈现“连环杀手是如何炼成的”。对连环杀手内心世界的透视, 将为我们呈现一道另类的风景, 也将触发人们对于人性、对于家庭、对于社会的深深思索。
●
相关链接 在E读中查询图书 在五车中查询图书 在当当中查询图书 在豆瓣中查询图书


正题名:犯罪心理分析     索取号:D917.2-49/873         预约/预借

序号 登录号 条形码 馆藏地/架位号 状态 备注
1 1185532   211855321   第一样本阅览室/ [索取号:D917.2-49/873] 在馆    
2 1185533   211855330   第一借阅区/ [索取号:D917.2-49/873] 在馆    
3 1185534   211855349   第一借阅区/ [索取号:D917.2-49/873] 在馆    
4 1185535   211855358   第一借阅区/ [索取号:D917.2-49/873] 在馆    
唐山师范学院图书馆 欢迎您!
大连网信软件有限公司© 版权所有